000 00626nam a2200205 a 4500
001 000033941
003 DO-SdBNP
005 20220505112029.0
008 110914d2007 ag 000 0 spa d
020 _a9789508452108
040 _aDO-SdBNP
_bspa
_cBNPHU
049 _aBNPD
245 0 0 _aOliverio :
_bnuevo homenaje a Girondo /
_ccompilación, introducción y notas Jorge Schwartz.
260 _aArgentina :
_bBeatriz Viterbo,
_c2007.
300 _a509 p. ;
_c22 cm.
490 1 _aBiblioteca popular
_aautor
_v81
700 1 _aSchwartz, Jorge
_959393
830 0 _aBiblioteca popular
_pautor
_n81
_959394
942 _2ddc
_cLBS1
999 _c33432
_d33432